| 000 | 00365 a2200157 4500 | ||
|---|---|---|---|
| 001 | 59036 | ||
| 020 | _a | ||
| 040 | _cAnchieta - Pituba | ||
| 100 | _aLazzaroto, Danilo | ||
| 240 | 1 | 0 |
_aHistória do Rio Grande do Sul _lpor |
| 245 | 1 | 0 | _aHistória do Rio Grande do Sul |
| 300 | _a112 | ||
| 362 | 0 | _a1986 | |
| 650 | 4 | _aHistória do Rio Grande do Sul | |
| 942 | _cBK | ||
| 999 |
_c59036 _d59036 |
||